Постановление № 213 на Министерския съвет на Република България | Наредба за гран. контролно-пропускв. пунктове (Запис номер 18240)
[ съкратено ]
| 000 -Лидер | |
|---|---|
| Контролно поле с фиксирана дължина | 02457nam a2200385 c 4500 |
| 003 - Код на организацията, давaща контролен номер | |
| Контролно поле | BLK |
| 005 - Дата и час на последна редакция | |
| Контролно поле | 20180420215335.0 |
| 008 - Елементи от данни с фиксирана дължина | |
| fixed length control field | 180413b bul|||||r ||||||| ||bul|| |
| 010 ## - Наследен системен номер | |
| LC control number | KNG00020279000 |
| 040 ## - Източник на каталожния запис | |
| Идентификатор на билиотеката - собственик на записа | BLK |
| 041 ## - Код за език | |
| Код за езика на текст/звукозапис или на отделно заглавие | Български |
| Код за езика КДБФ | Български |
| 080 ## - УДК | |
| Текстов определител УДК | Основни задачи на общественото управление |
| УДК код - определител по УДК | 351 |
| УДК определител | (497.2)(094.1) |
| УДК - код + определител | 351(497.2)(094.1) |
| 080 ## - УДК | |
| Текстов определител УДК | Обекти на международното право - Територия, граници, водни пътища, придобиване, отчуждаване и загуба на държавна територия, международно морско и въздушно право и др. |
| УДК код - определител по УДК | 341.22 |
| УДК определител | (497.2)(094.1) |
| УДК - код + определител | 341.22(497.2)(094.1) |
| 080 ## - УДК | |
| Текстов определител УДК | Други приходи и финансови източници. Митническо управление. Вж и 339. 543 - Мита, митници, приходи от продажба на държавното имущество, държавна лотария и др. |
| УДК код - определител по УДК | 336.4 |
| УДК определител | (497.2)(094.1) |
| УДК - код + определител | 336.4(497.2)(094.1) |
| 110 1# - Редна дума - колетивен орган | |
| Редна дума - наименование на организация или юридическо лице | България. Минист. съвет |
| 9 (RLIN) | 262666 |
| 139 ## - Редно поле | |
| Редна дума | България. Минист. съвет |
| Авторски знак | Бъл - Б 92 |
| 245 10 - Сведения за заглавието | |
| Заглавие | Постановление № 213 на Министерския съвет на Република България |
| Подзаглавни данни | От 15 май 1997 г. за изграждането, орг., дейността и стопанисването на гран. контролно-пропускв. пунктове в Република България |
| 245 10 - Сведения за заглавието | |
| Заглавие | Наредба за гран. контролно-пропускв. пунктове |
| Подзаглавни данни | |
| Редно поле (дума) | |
| 257 ## - Страна на издаване | |
| Страна на създаване/издаване | България |
| 260 ## - Област на издателските данни | |
| -- | София |
| Име на издателя, разпространителя и проч. | Борис Хранов |
| Година на издаване | 1998 |
| 300 ## - Физическа характеристика | |
| Страници | 20 с. |
| Размери/Мащаб | 20 см |
| 380 ## - Жанр | |
| Жанр | Обществени науки |
| 500 ## - Общи забележки | |
| Забележка | Кор. опис. - Офс. изд. - 300 тир. |
| 650 #4 - Допълнително описание по предмет – тема | |
| Основно описание – тема или топоним | Граничен контрол - България - нормативни актове |
| 9 (RLIN) | 262667 |
| 650 #4 - Допълнително описание по предмет – тема | |
| Основно описание – тема или топоним | Митнически контрол - България - законодателни и директивни материали |
| 9 (RLIN) | 256831 |
| 651 #4 - Допълнително описание по предмет - топоним | |
| Географско понятие | България |
| 9 (RLIN) | 241624 |
| 653 ## - Ключова дума – ненормативна | |
| Ключова дума | граничен пропусквателен пункт |
| 653 ## - Ключова дума – ненормативна | |
| Ключова дума | граничен контрол |
| 653 ## - Ключова дума – ненормативна | |
| Ключова дума | България |
| 852 ## - Местоположение | |
| Форматна сигнатура | Цб 195575 |
| 856 4# - Електронен адрес и достъп | |
| Електронен формат | pdf - файл |
| Път до файла /url/ | |
| 856 4# - Електронен адрес и достъп | |
| Електронен формат | pdf - файл |
| Път до файла /url/ | |
| 942 ## - АРТИКУЛИ | |
| Вид на библиотечния материал | Книги |
| Скрит в OPAC | Не |
| 944 ## - СЪЗДАВАНЕ И РЕДАКЦИЯ на ЗАПИСА | |
| Създаване/Редакция | Създаване |
| Дата на регистрацията/редакция | 15.01.2003 |
| Служител, извършил регистрацията/редакцията | AB_DOS |
| 944 ## - СЪЗДАВАНЕ И РЕДАКЦИЯ на ЗАПИСА | |
| Създаване/Редакция | Редакция |
| Дата на регистрацията/редакция | 18.11.2014 |
| Служител, извършил регистрацията/редакцията | Правда_Бадева |
| 999 ## - СИСТЕМНИ КОНТРОЛНИ НОМЕРА | |
| Koha biblionumber | 18240 |
| Koha biblioitemnumber | 18240 |
| Код за отписване | Код за изгубен артикул | Източник на класификационната схема | Код за повреда | Коз за рестрикции | Код за отдаване | Артикулен № | Име на библиотеката - собственик | Име на библиотеката, в която се намира в момента | Статус (Текущо местоположение) | Дата на вписване в системата | Местоположение - отдел | Цена в лева | Инвентарен номер | Систематично азбучна сигнатура | Баркод | Номер на екземпляра | Цена в евро | Служебен тип на артикула |
|---|---|---|---|---|---|---|---|---|---|---|---|---|---|---|---|---|---|---|
| Не е изгубен | Universal Decimal Classification | Не е повреден | без рестрикции | ползва се в читалня | 30624 | Регионална библиотека "Любен Каравелов" Русе | Регионална библиотека "Любен Каравелов" Русе | Хранилище | 2001-01-01 | Хранилище | 0.00 | 638281 | Цб 195575 | 120000638281 | 1 | 0.00 | Книги |